000 00918nam a22002897a 4500
001 BR9300233
003 BR-BrBNA
005 20230928093804.0
007 ta
008 230509b bl.||||| |||| 00| 0 por d
040 _aBR-BrBNA
_bpor
_cBiblioteca Nacional de Agricultura
041 _a(Por)
072 _aK10
090 _ K10 BR9300233
110 1 _aInstituto Brasileiro de Desenvolvimento Florestal, Natal, RN (Brasil). Delegacia Estadual
_95745
111 1 _aReuniao de Delegados do I.B.D.F. na Regiao Nordeste
_cNatal, RN (Brazil)
_d28-30 Aug 1984
245 1 _aAnais: reuniao de delegados do I.B.D.F. na Regiao Nordeste
260 3 _aNatal, RN (Brasil):
_c1984.
300 _a175 p.
650 _aFloresta
650 _aReflorestamento
650 _aDesenvolvimento Florestal
650 _aPolitica Florestal
650 _aRegiao Nordeste
909 _a202309
_bLucia
_c55
_dLucia Elande
942 _cBK
999 _c47113
_d47113